000
00373nam a2200133Ia 4500
008
191206s9999 xx 000 0 und d
020
_a
0823029891 :
090
_a
N7433.8B47
245
0
_a
Making art on your computer
260
_a
Watson/Guptill Publications
260
_c
c1986
300
_a
144 p. : ill. (some col.) ; 29 cm.
999
_c
16383
_d
16383